00857 2200325 4500001002100000005001500021007000300036008004100039020002200080035002000102040001700122041000800139082001000147084001600157090002100173100002400194245004200218250001200260260003400272264003700306300002400343336002100367337003000388338002300418504003000441650001800471850001000489990001600499990001600515INLIS00000000000865520260518110905ta260518 0  a978-602-8674-51-5 a0010-1022000030 aSBPUPADbind0 aind a618.1 a618.1 PRI d a813 DWI t L24-12 aPribaktiePengarang1 aDasar-Dasar Uroginekologi /cPribakti a.-Cet.1 a.--Yogyakarta :bOmbak,c2008 a.--Jakarta :bSagung Seto,c2011 avi, 238 hlm ;c24cm 2rdacontentateks 2rdamediaatanpa perantara 2rdacarrieravolume aBibliografi, hlm. 237-238 4aUroginekologi aPUPAD a1156/B/2013 a1157/B/2013